Sémantická analýza datasetov a ich schémy

Saved in:
Bibliographic Details
Main Author: Pinke, Roland (Author)
Other Authors: Rác, Miroslav (Thesis advisor)
Format: Manuscript Book
Language:Slovak
Published: 2025
Subjects:
Online Access:http://is.stuba.sk/zp/portal_zp.pl?podrobnosti=177143
Tags: Add Tag
No Tags, Be the first to tag this record!

MARC

LEADER 00000ntm a22000003a 4500
001 stuzp105848
003 SK-STU
005 20250607211821.1
007 ta
008 150427s2015----xo-----f-mn---000-0-slo-d
040 |a STU  |b slo 
041 0 |a slo 
100 1 |a Pinke, Roland  |u 070400  |4 aut  |U FIIT Fakulta informatiky a informačných technológií  |T FIIT Ústav počítačového inžinierstva a aplikovanej informatiky  |X 97008  |U I400  |Y 672  |7 97008 
242 0 1 |a Semantic analysis of datasets and their schemas  |y eng 
245 1 0 |a Sémantická analýza datasetov a ich schémy 
260 |c 2025 
650 4 |a Semantic analysis  |2 eng 
650 4 |a Dataset  |2 eng 
650 4 |a Knowledge graph  |2 eng 
650 4 |a Dataset  |2 slo 
650 4 |a Graf znalostí  |2 slo 
650 4 |a Sémantická analýza  |2 slo 
700 1 |a Rác, Miroslav  |u 070000  |k Z9  |4 ths  |T FIIT Fakulta informatiky a informačných technológií  |X 52961  |U I  |Y 70  |7 52961 
856 4 |u http://is.stuba.sk/zp/portal_zp.pl?podrobnosti=177143